[Event "South America-ch U16 13th"]
[Site "Santiago de Chile"]
[Date "2016.12.02"]
[Round "2"]
[White "Coro, Lucas"]
[Black "Touret Hidalgo, Jean Paul"]
[Result "1-0"]
[WhiteElo "2187"]
[BlackElo "1871"]
[PlyCount "55"]
[EventDate "2016.12.01"]
[EventType "swiss"]
[EventRounds "9"]
[EventCountry "CHI"]
[SourceTitle "EXT 2018"]
[Source "ChessBase"]
[SourceDate "2017.10.13"]
[SourceVersion "1"]
[SourceVersionDate "2017.10.13"]
[SourceQuality "1"]

1. e4 c5 2. Nf3 d6 3. d4 cxd4 4. Nxd4 Nf6 5. Nc3 a6 6. f4 e6 7. Qf3 Qc7 8. g4 Nc6 9. Nxc6 bxc6 10. g5 Nd7 11. Bd2 Rb8 12. 0-0-0 Qb7 13. b3 Nc5 14. f5 d5 15. Bf4 Ra8 16. exd5 cxd5 17. Bg2 Be7 18. Rhe1 0-0 19. f6 gxf6 20. gxf6 Bxf6 21. Bh6 Bg7 22. Qg3 f6 23. Nxd5 Kh8 24. Ne3 Bxh6 25. Bxb7 Bxb7 26. Qh3 Bg5 27. b4 Ne4 28. Rd7 1-0

[Event "Antofagasta Zicosur op 1st"]
[Site "Antofagasta"]
[Date "2015.01.11"]
[Round "10"]
[White "Touret Hidalgo, Jean Paul"]
[Black "Aguilar, Pedro"]
[Result "1/2-1/2"]
[WhiteElo "1693"]
[BlackElo "1930"]
[PlyCount "52"]
[EventDate "2015.01.05"]
[EventType "swiss"]
[EventRounds "10"]
[EventCountry "CHI"]
[SourceTitle "CBM 164 Extra"]
[Source "ChessBase"]
[SourceDate "2015.03.02"]
[SourceVersion "1"]
[SourceVersionDate "2015.03.02"]
[SourceQuality "1"]

1. e4 e5 2. Nf3 Nc6 3. Bb5 a6 4. Ba4 Nf6 5. 0-0 Nxe4 6. d4 b5 7. Bb3 d5 8. dxe5 Be6 9. c3 Bc5 10. Nbd2 0-0 11. Qe2 Nxd2 12. Bxd2 Bg4 13. Bf4 Na5 14. Bc2 Nc4 15. b3 Nb6 16. Qd3 g6 17. Nd4 Qd7 18. h3 Be6 19. Bh6 Rfc8 20. Rae1 Bf8 21. Bxf8 Rxf8 22. b4 Rac8 23. f4 f5 24. exf6 Rxf6 25. Bd1 Bf5 26. Nxf5 gxf5 1/2-1/2

[Event "Antofagasta Zicosur op 1st"]
[Site "Antofagasta"]
[Date "2015.01.07"]
[Round "5"]
[White "Rivera Sarmiento, Andres Misael"]
[Black "Touret Hidalgo, Jean Paul"]
[Result "1/2-1/2"]
[WhiteElo "1910"]
[BlackElo "1693"]
[PlyCount "125"]
[EventDate "2015.01.05"]
[EventType "swiss"]
[EventRounds "10"]
[EventCountry "CHI"]
[SourceTitle "CBM 164 Extra"]
[Source "ChessBase"]
[SourceDate "2015.03.02"]
[SourceVersion "1"]
[SourceVersionDate "2015.03.02"]
[SourceQuality "1"]

1. e4 c5 2. Nf3 d6 3. d4 cxd4 4. Nxd4 Nf6 5. Nc3 a6 6. Be3 e5 7. Nb3 Be7 8. f3 Be6 9. Qd2 0-0 10. 0-0-0 a5 11. Kb1 a4 12. Nc1 Ra5 13. Qf2 Nbd7 14. g4 d5 15. g5 d4 16. gxf6 Bxf6 17. Bd2 dxc3 18. Bxc3 Ra8 19. a3 Qc7 20. Nd3 Be7 21. Rg1 Rfc8 22. Qg2 g6 23. Bb4 Nc5 24. Nxc5 Bxc5 25. Bxc5 Qxc5 26. Bd3 b5 27. Qd2 Rab8 28. Qb4 Qxb4 29. axb4 Rd8 30. f4 exf4 31. Rdf1 Rd4 32. Rxf4 Bc4 33. Bxc4 Rxc4 34. c3 Re8 35. Rg5 f5 36. Rfxf5 Rcxe4 37. Rxb5 Re1+ 38. Ka2 Rh1 39. Rge5 Rf8 40. Re7 Rxh2 41. Rbb7 Rff2 42. Re8+ Rf8 43. Rxf8+ Kxf8 44. c4 h5 45. c5 Rc2 46. Rd7 h4 47. Rh7 g5 48. Rh5 g4 49. Rxh4 g3 50. Rg4 g2 51. Ka3 Rc1 52. b5 g1Q 53. Rxg1 Rxg1 54. b6 Ke7 55. Kxa4 Kd7 56. Kb5 Rg6 57. b4 Rg5 58. Ka6 Kc6 59. b7 Rg8 60. b5+ Kxc5 61. Ka7 Kxb5 62. b8Q+ Rxb8 63. Kxb8 1/2-1/2